| Tag |
First Indicator |
Second Indicator |
Subfields |
| LEADER |
00000cam a2200000 4500 |
| 001 |
in00000035942 |
| 005 |
20151007063551.0 |
| 008 |
751014s1941 maua 00010 eng |
| 010 |
|
|
|a 41008123
|
| 035 |
|
|
|a (OCoLC)01702957
|
| 035 |
|
|
|9 AAD7693AM
|
| 040 |
|
|
|a DLC
|c FQG
|d TXA
|d UtOrBLW
|
| 049 |
|
|
|a TXAM
|c [117990]
|
| 050 |
|
0 |
|a TR210
|b .G7
|
| 082 |
0 |
|
|a 771
|
| 092 |
|
|
|a 771
|b G814c
|
| 100 |
1 |
|
|a Greenleaf, Allen R.
|
| 245 |
1 |
0 |
|a Chemistry for photograhers /
|c by Allen R. Greenleaf.
|
| 264 |
|
1 |
|a Boston, Mass. :
|b American photographic publishing co.,
|c 1941.
|
| 300 |
|
|
|a xi, 177 pages :
|b diagram ;
|c 21 cm.
|
| 336 |
|
|
|a text
|b txt
|2 rdacontent
|
| 337 |
|
|
|a unmediated
|b n
|2 rdamedia
|
| 338 |
|
|
|a volume
|b nc
|2 rdacarrier
|
| 650 |
|
0 |
|a Photographic chemistry.
|
| 650 |
|
0 |
|a Photography
|v Formulae.
|
| 999 |
|
|
|a MARS
|
| 999 |
f |
f |
|s 6dde2828-c9af-3509-a111-b850a87b8bcc
|i ecf4b382-00fb-3264-9cb1-6b5526d8b5a7
|t 0
|
| 952 |
f |
f |
|p ric
|a Texas A&M University
|b Rellis Campus
|c Joint Library Facility
|d Remote Storage
|t 0
|e TR210 .G7
|h Library of Congress classification
|i unmediated -- volume
|m A14801160842
|
| 998 |
f |
f |
|a TR210 .G7
|t 0
|l Remote Storage
|